Three tales for girls (Record no. 166290)
[ view plain ]
| 000 -LEADER | |
|---|---|
| campo de control de longitud fija | 00837nam a2200205 i 4500 |
| 001 - NÚMERO DE CONTROL | |
| campo de control | 166290 |
| 003 - IDENTIFICADOR DE NÚMERO DE CONTROL | |
| campo de control | ES-MaACL |
| 005 - FECHA Y HORA DE LA ÚLTIMA TRANSACCIÓN | |
| campo de control | 20230906213312.0 |
| 008 - DATOS DE LONGITUD FIJA--INFORMACIÓN GENERAL | |
| campo de control de longitud fija | 050919s1869 gw | |||||||| ||eng d |
| 040 ## - FUENTE DE CATALOGACIÓN | |
| Centro catalogador/agencia de origen | CAM |
| Lengua de catalogación | spa |
| Centro/agencia transcriptor | CAM |
| 100 1# - ENTRADA PRINCIPAL--NOMBRE DE PERSONA | |
| Nombre de persona | Craik, Dinah Maria Mulock ( |
| Fechas asociadas al nombre | 1826-1887) |
| 9 (RLIN) | 126631 |
| 245 10 - MENCIÓN DEL TÍTULO | |
| Título | Three tales for girls |
| Resto del título | : Alice Learmont: Michael the miner: How to win love / |
| Mención de responsabilidad, etc. | by the authorof "John Halifax, Gentleman"; with a frontispiece by B. Plockhorst. |
| 260 ## - PUBLICACIÓN, DISTRIBUCIÓN, ETC. | |
| Lugar de publicación, distribución, etc. | Leipzig : |
| Nombre del editor, distribuidor, etc. | Bernhard Tauchnitz, |
| Fecha de publicación, distribución, etc. | 1869. |
| 300 ## - DESCRIPCIÓN FÍSICA | |
| Extensión | 302 p. ; |
| Dimensiones | 16 cm. |
| 490 1# - MENCIÓN DE SERIE | |
| Mención de serie | Series for the young. Tauchnitz edition ; |
| Designación de volumen o secuencia | 15 |
| 598 ## - NOTA LOCAL | |
| Nota local | Mención de serie consta en la cub. |
| 830 0# - PUNTO DE ACCESO ADICIONAL DE SERIE-TÍTULO UNIFORME | |
| Título uniforme | Series for the young. Tauchnitz edition ; |
| Designación de volumen o secuencia | 15 |
| 9 (RLIN) | 222544 |
| 852 ## - LOCALIZACIÓN | |
| Ubicación | ES-MaACL |
| Número de control de estantería | G-13116 |
| Nota libre | -- Enc. hol., conservando la enc. original |
| Estatus retirado | Estado de pérdida | Estado de daño | No para préstamo | Colección | Biblioteca de origen | Biblioteca actual | Ubicación en estantería | Fecha de adquisición | Fuente de adquisición | Total de préstamos | Signatura topográfica completa | Código de barras | Visto por última vez | Precio de reemplazo | Tipo de ítem Koha |
|---|---|---|---|---|---|---|---|---|---|---|---|---|---|---|---|
| Libros del s. XIX | Biblioteca del Ateneo de Madrid | Biblioteca del Ateneo de Madrid | Sala Pecera Planta 3 | 17/01/2008 | G-13116 | 1174391 | 23/02/2023 | 23/02/2023 | Libro impreso antiguo |
